000 00665nam a22001817a 4500
005 20251108164816.0
008 250721s1974 xx 000 0 ara d
082 1 4 _a616.13/امي
100 1 _aرويحه، أمين
245 1 0 _aأمراض الأوعية الدموية :
_bالدوالي -البواسير -تصلب الشرايين : الوقاية منها - معالجتها و شفائها /
264 1 _aبيروت :
_bدار القلم،
_c1974.
300 _a256ص
650 1 7 _aالجهاز الدموي
650 1 7 _aأمراض الدم
650 1 7 _aأمراض القلب و الأوعية الدموية
942 _2ddc
_cBK
999 _c14896
_d14896